| 000 | 00477cam a2200181ua 4500 | ||
|---|---|---|---|
| 020 |
_a81 85005 69 9 _c200.00 |
||
| 041 |
_aeng _h |
||
| 082 |
_a631.586 _bRAN/DR |
||
| 100 | _aRangaswami, P . | ||
| 245 |
_aDry farming technology in India / _cP Rangaswamy. _hTextual Documents |
||
| 250 |
_a2 / _b. |
||
| 260 |
_aNew Delhi : _bAgricole Publishing Academy , _c1990. |
||
| 300 | _a203 ; . | ||
| 365 | _a200.00 | ||
| 504 | _a | ||
| 942 | _cBK | ||
| 999 |
_c7435 _d7435 |
||